000 00584cas a22001814i 4500
999 _c62592
_d62592
001 768714001
003 CO-MdFUSB
005 20180430161223.0
008 180430s2007 cr ||||| |||| 00| 0 spa d
040 _aCO-MdFUSB
_bspa
_cCO-MdFUSB
_dCO-MdFUSB
041 _aspa
100 1 _aPrince, Derek
_eautor
245 1 0 _aPerfección en la expiación de Cristo
300 _aVolumen 7. Número 15 (2007), páginas 230-233
_c: 28 cm.
650 1 4 _aEXPIACIÓN-CRISTO
773 0 _tConquista Cristiana
_049446
_960272
_gVolumen 7. Número 15 (2007), páginas 230-233
_qpágina 230
942 _cANA